000 00909nam2a22002411 4500
001 v19\rc\1250239
005 20060306175829.9
035 _a(NLR Aleph) 004406592
090 _a3948321
_c3948321
100 _a20060306d1895 |||y0rusy50 ca
101 0 _arus
102 _aRU
105 _ae z |||||
200 1 _a1894 года
_fСост. В. Г. Ротмистров
210 _d1895
215 _a[4], 91 с., 20 л. план.
461 0 _1001v19\rc\1250232
_12001#$aДеребчинское опытное поле барона Ар. Ар. Маса$e[Отчет]$fСост. студентом Ун-та св. Владимира В. Ротмистровым. Вып. 1-10$vВып. 7$90
702 1 _aРотмистров
_bВ. Г.
_gВладимир Григорьевич
_4220
801 0 _aRU
_bNLR
_gpsbo
801 1 _aRU
_bProSoft-M
_2rusmarc
852 _aNLR
_j19.101.5.1
942 _cBOOK
980 _aNB